| 000 | 01136nam a2200229Ia 4500 | ||
|---|---|---|---|
| 001 | 8439 | ||
| 003 | GE_BSU | ||
| 008 | 181216s||||||||xx |||||||||||||| ||und|| | ||
| 040 | _cGE_BSU | ||
| 080 | _a821.353.1-1 | ||
| 100 | _aვაჟა-ფშაველა | ||
| 245 | _aტ.1: ლექსები. | ||
| 245 | _cალ.აბაშელისა და აკაკი შაინიძის რედაქციით; წინასიტყვ. ავტ.: გერონტი ქიქოძე. | ||
| 260 | _aთბილისი. | ||
| 260 | _bსაქ. სსრ. პოლიგრაფ. და გამომც. საქმეთა სამმართვ. ბეჭდვითი სიტყვის კომბინატი | ||
| 260 | _c1946 | ||
| 300 | _a396 გვ; 24 სმ. | ||
| 300 | _bპორტრ. და ავტოგრ. | ||
| 300 | _eდანართი: შენიშვნები, დამატებანი, ვარიანტები, გვ: 325–354. ლექსიკონი, გვ: 357–390. | ||
| 653 | _aლექსები. | ||
| 942 | _cBK | ||
| 999 |
_c41758 _d41758 |
||